Music Quiz

Random Music or Artist Quiz

Five Song Frenzy II Quiz Stats

Quiz Updated Aug 23, 2013

Also try: Five Song Frenzy
Challenge
Share
Tweet
Embed
Score 0/30 Timer 07:00
3 Plays Today
Song Titles Music Artist % Correct
'Wanted Dead Or Alive' / 'It's My Life' / 'Always' / 'Livin' On A Prayer' / 'Bad Medicine'Bon Jovi
94.8%
'Vogue' / 'Like A Prayer' / 'Frozen' / '4 Minutes*' / 'Papa Don't Preach'Madonna
92%
'Human Nature' / 'Smooth Criminal' / 'Beat It' / 'The Way You Make Me Feel' / 'Wanna Be Startin' Somethin''Michael Jackson
91.5%
'Eight Days A Week' / 'Girl' / 'Hello, Goodbye' / 'Yesterday' / 'Come Together'The Beatles
89.8%
'Faithfully' / 'Open Arms' / 'Don't Stop Believin'' / 'Any Way You Want It' / 'Wheel In The Sky'Journey
88.6%
'I Walk The Line' / 'Ring Of Fire' / 'Flesh And Blood' / 'A Boy Named Sue' / 'If I Had A Hammer'Johnny Cash
87.9%
'Don't Phunk With My Heart' / 'Where Is The Love?' / 'I Gotta Feeling' / 'My Humps' / 'Meet Me Halfway'The Black Eyed Peas
85%
'Holiday' / 'Boulevard Of Broken Dreams' / 'Know Your Enemy' / 'Basket Case' / 'Good Riddance (Time Of Your Life)'Green Day
84.9%
'I Wanna Dance With Somebody' / 'I Will Always Love You' / 'Saving All My Love For You' / 'I Have Nothing' / 'How Will I Know'Whitney Houston
84.8%
'Unfaithful' / 'Take A Bow' / 'Only Girl (In The World)' / 'Don't Stop The Music' / 'Umbrella*'Rihanna
84.3%
'By The Way' / 'Californication' / 'Scar Tissue' / 'Dani California' / 'My Friends' Red Hot Chili Peppers
82.5%
'Respect' / '(You Make Me Feel Like) A Natural Woman' / 'Think' / 'I Say A Little Prayer' / 'Chain Of Fools'Aretha Franklin
79.7%
'A Moment Like This' / 'Because Of You' / 'Since U Been Gone' / 'My Life Would Suck Without You' / 'Breakaway'Kelly Clarkson
78.8%
'That's Life' / 'My Way' / 'Theme From New York, New York' / 'Call Me Irresponsible' / 'My Kind Of Town'Frank Sinatra
74.3%
'Genie In A Bottle' / 'Candyman' / 'Beautiful' / 'The Voice Within' / 'Ain't No Other Man'Christina Aguilera
73.1%
Song Titles Music Artist % Correct
'Your Love Is My Drug' / 'Take It Off' / 'Tik Tok' / 'Blow' / 'We R Who We R'Ke$ha
72.5%
'Empire State Of Mind*' / 'Dirt Off Your Shoulder' / 'Young Forever' / 'Show Me What You Got' / 'Excuse Me Miss'Jay-Z
72.4%
'No One' / 'Fallin'' / 'Empire State Of Mind*' / 'Doesn't Mean Anything' / 'If I Ain't Got You'Alicia Keys
72.4%
'Layla' / 'Wonderful Tonight' / 'Lay Down Sally' / 'I Shot The Sheriff' / 'Knockin' On Heavens Door'Eric Clapton
72.3%
'Grenade' / 'Marry You' / 'Billionaire*' / 'Just The Way You Are' / 'The Lazy Song'Bruno Mars
69.8%
'Mr. Brightside' / 'Somebody Told Me' / 'Human' / 'Read My Mind' / 'When You Were Young'The Killers
69.8%
'Photograph' / 'How You Remind Me' / 'Gotta Be Somebody' / 'Rockstar' / 'Someday'Nickelback
67.9%
'You Belong With Me' / 'Teardrops On My Guitar' / 'Love Story' / 'Mine' / 'White Horse'Taylor Swift
61.7%
'Go Your Own Way' / 'Albatross' / 'The Chain' / 'Dreams' / 'Don't Stop'Fleetwood Mac
61.5%
'I Hate This Part' / 'Don't Cha*' / 'Buttons*' / 'Jai Ho (You Are My Destiny)*' / 'Stickwitu'The Pussycat Dolls
61.2%
'Waterloo Sunset' / 'You Really Got Me' / 'Lola' / 'Sunny Afternoon' / 'Tired Of Waiting For You'The Kinks
60.4%
'Faith' / 'Jesus To A Child' / 'I Want Your Sex' / 'One More Try' / 'Praying For Time'George Michael
57.6%
'You Keep Me Hangin' On' / 'Baby Love' / 'Stop! In The Name Of Love' / 'You Can't Hurry Love' / 'Back In My Arms Again'The Supremes
57%
'Dog Days Are Over' / 'Rabbit Heart (Raise It Up)' / 'You Got The Love' / 'Cosmic Love' / 'Kiss With A Fist'Florence and the Machine
51%
'Don't You Want Me' / 'Human' / '(Keep Feeling) Fascination' / 'Mirror Man' / 'Love Action (I Believe In Love)'The Human League
34.5%

You're not logged in!

Compare scores with friends on all Sporcle quizzes.
Sign Up with Email
OR
Log In

You Might Also Like...

Show Comments

Extras

Top Quizzes Today


Score Distribution

Your Account Isn't Verified!

In order to create a playlist on Sporcle, you need to verify the email address you used during registration. Go to your Sporcle Settings to finish the process.